Finnish Click: Greetings - Statistics

General Stats
  • This quiz has been taken 395 times
  • The average score is 7 of 9
Answer Stats
Hint Answer % Correct
Hello Hei
96%
Hi Hei
83%
Hey Hei
77%
What's Up Miten menee
73%
Good Morning Hyvää huomenta
72%
Good Evening Hyvää iltaa
66%
Good Afternoon Hyvää iltapäivää
66%
Goodbye Hyvästi
61%
Good Night Hyvää yötä
60%
No matching quizzes found
Score Distribution
Percent of People with Each Score
Percentile by Number Answered
Your Score History
You have not taken this quiz